| 000 | 00922pam a2200265 a 4500 | ||
|---|---|---|---|
| 999 |
_c4085 _d4085 |
||
| 001 | 3399418 | ||
| 003 | GBCCL | ||
| 005 | 20241126110510.0 | ||
| 008 | 890929s1990 miu b 001 0 eng | ||
| 010 | _a 89028486 | ||
| 020 | _a0310361915 | ||
| 040 |
_aDLC _cDLC _dDLC |
||
| 050 | 0 | 0 |
_aBV220 _b.D84 1990 |
| 082 | 0 | 0 |
_a248.32 _220 _bDUE |
| 100 | 1 |
_aDuewel, Wesley L. _96098 |
|
| 245 | 1 | 0 |
_aMighty prevailing prayer / _cWesley L. Duewel. |
| 260 |
_aGrand Rapids, Mich. : _bF. Asbury Press, _cc1990. |
||
| 300 |
_a336 p. ; _c21 cm. |
||
| 504 | _aIncludes bibliographical references (p. 329-332) and index. | ||
| 650 | 0 |
_aPrayer _xChristianity. _9227 |
|
| 856 | 4 | 2 |
_3Publisher description _uhttp://www.loc.gov/catdir/enhancements/fy0633/89028486-d.html |
| 906 |
_a7 _bcbc _corignew _d1 _eocip _f19 _gy-gencatlg |
||
| 942 |
_2ddc _cBK |
||